[Event "EU Union-ch U14"]
[Site "Kouty nad Desnou"]
[Date "2018.08.09"]
[Round "3"]
[White "Priechodsky, Radovan"]
[Black "Bondarevskaja, Emilin"]
[Result "1-0"]
[WhiteElo "1790"]
[BlackElo "1337"]
[PlyCount "75"]
[EventDate "2018.08.07"]
[EventType "swiss"]
[EventRounds "9"]
[EventCountry "CZE"]
[SourceTitle "CBM 186 Extra"]
[Source "ChessBase"]
[SourceDate "2018.08.24"]
[SourceVersion "1"]
[SourceVersionDate "2018.08.24"]
[SourceQuality "1"]

1. d4 e6 2. Bf4 c5 3. c3 Nf6 4. e3 cxd4 5. exd4 Nc6 6. Nf3 Be7 7. Bd3 0-0 8. Nbd2 b6 9. h4 Nh5 10. Be3 f5 11. Bg5 Bxg5 12. hxg5 Nf4 13. Bf1 g6 14. g3 Nh5 15. Qc2 Qe7 16. 0-0-0 e5 17. Bc4+ Kh8 18. dxe5 Nxe5 19. Rhe1 d6 20. Bd5 Rb8 21. Nc4 Qc7 22. Ncxe5 dxe5 23. Nxe5 Bb7 24. Qb3 Bxd5 25. Qxd5 Rbc8 26. Qd4 Ng7 27. Nd7 Rfe8 28. Rxe8+ Rxe8 29. Nf6 Qe7 30. Nxe8 Qxe8 31. Qd8 Kg8 32. Qxe8+ Nxe8 33. Rd7 a6 34. Ra7 b5 35. Rxa6 Nc7 36. Rb6 f4 37. Rb8+ Kf7 38. Rb7 1-0

[Event "EST-chW/U20 Girls"]
[Site "Tallinn"]
[Date "2017.08.06"]
[Round "7"]
[White "Bondarevskaja, Emilin"]
[Black "Bitkova, Jelizaveta"]
[Result "1/2-1/2"]
[WhiteElo "1383"]
[BlackElo "1494"]
[PlyCount "53"]
[EventDate "2017.08.01"]
[EventType "tourn"]
[EventRounds "7"]
[EventCountry "EST"]
[SourceTitle "CBM 180 Extra"]
[Source "ChessBase"]
[SourceDate "2017.10.06"]
[SourceVersion "1"]
[SourceVersionDate "2017.10.06"]
[SourceQuality "1"]

1. d4 d5 2. c4 e6 3. Nc3 Nf6 4. Bg5 Be7 5. Nf3 Nbd7 6. e3 0-0 7. Bd3 h6 8. Bh4 b6 9. 0-0 Bb7 10. Rc1 Rc8 11. cxd5 Nxd5 12. Bxe7 Nxe7 13. Nb5 a6 14. Nc3 c5 15. Be4 Nc6 16. d5 exd5 17. Bxd5 Nf6 18. e4 Rc7 19. Rc2 Nb4 20. Rd2 Nbxd5 21. exd5 Re8 22. Re1 Rxe1+ 23. Qxe1 Bxd5 24. Nxd5 Nxd5 25. Qd1 Rd7 26. Ne5 Rd6 27. Nc4 1/2-1/2

[Event "EST-chW/U20 Girls"]
[Site "Tallinn"]
[Date "2017.08.02"]
[Round "2"]
[White "Olde, Grete"]
[Black "Bondarevskaja, Emilin"]
[Result "1-0"]
[WhiteElo "1854"]
[BlackElo "1383"]
[PlyCount "115"]
[EventDate "2017.08.01"]
[EventType "tourn"]
[EventRounds "7"]
[EventCountry "EST"]
[SourceTitle "CBM 180 Extra"]
[Source "ChessBase"]
[SourceDate "2017.10.06"]
[SourceVersion "1"]
[SourceVersionDate "2017.10.06"]
[SourceQuality "1"]

1. e4 c5 2. Nc3 e6 3. g3 g6 4. Bg2 Bg7 5. d3 Nc6 6. f4 Nge7 7. Nf3 0-0 8. 0-0 a6 9. e5 d6 10. exd6 Qxd6 11. Be3 Nf5 12. Bf2 b6 13. Ne4 Qd8 14. Rb1 Bb7 15. c3 Qd7 16. Qe2 Rad8 17. Rfd1 Qc7 18. h3 e5 19. g4 Nd6 20. Nxd6 Qxd6 21. Nxe5 Qc7 22. Nxc6 Bxc6 23. Bxc6 Qxc6 24. Bg3 Rfe8 25. Qf2 Qe6 26. f5 Qe3 27. Re1 Qxd3 28. Bc7 Rc8 29. Bxb6 Rxe1+ 30. Rxe1 Qb5 31. fxg6 fxg6 32. Ba7 Qc6 33. Qe3 c4 34. Qe6+ Qxe6 35. Rxe6 Rd8 36. Be3 Rb8 37. Bc1 Rd8 38. Kf2 Rd1 39. Bf4 Rb1 40. Re2 Ra1 41. a3 Kf7 42. Be3 Bf6 43. Kf3 Rd1 44. g5 Bg7 45. Bf4 Rd3+ 46. Kg4 Rd1 47. Re4 Rb1 48. Rxc4 Rxb2 49. Rc7+ Kg8 50. c4 Rb3 51. Bd6 Bb2 52. a4 Ba3 53. Be5 Bb2 54. Bf6 Rb6 55. Bxb2 Rxb2 56. Kf4 Rb4 57. Ke5 Rxa4 58. Ke4 1-0

[Event "EU Union-ch U12 14th"]
[Site "Mureck"]
[Date "2016.08.08"]
[Round "6"]
[White "Bondarevskaja, Emilin"]
[Black "Lazniewski, Marcin"]
[Result "0-1"]
[WhiteElo "1235"]
[BlackElo "1114"]
[PlyCount "75"]
[EventDate "2016.08.03"]
[EventType "swiss"]
[EventRounds "9"]
[EventCountry "AUT"]
[SourceTitle "CBM 174 Extra"]
[Source "ChessBase"]
[SourceDate "2016.10.10"]
[SourceVersion "1"]
[SourceVersionDate "2016.10.10"]
[SourceQuality "1"]

1. e4 e5 2. Nf3 Nc6 3. Bb5 a6 4. Ba4 b5 5. Bb3 Bc5 6. c3 Nf6 7. 0-0 0-0 8. Re1 d6 9. d4 Bb6 10. Bg5 h6 11. Bh4 Bg4 12. Bd5 Qe8 13. Bxf6 gxf6 14. Qd3 Ra7 15. Nh4 Kh8 16. Qe3 Kh7 17. h3 exd4 18. Qd3 Ne5 19. Qd2 dxc3 20. Nxc3 Bd7 21. Qf4 Nd3 22. Qxf6 Bxf2+ 23. Kh2 Qe5+ 24. Qxe5 dxe5 25. Rf1 Bxh4 26. Rad1 Nf2 27. Rd2 c6 28. g3 cxd5 29. gxh4 Nxh3 30. Nxd5 Be6 31. Nf6+ Kh8 32. Rg2 Nf4 33. Rg3 Rc7 34. Rfg1 Rc2+ 35. Kh1 Ng6 36. h5 Rf2 37. hxg6 fxg6 38. Rxg6 0-1

[Event "EST-ch U16 Girls"]
[Site "Tallinn"]
[Date "2016.05.21"]
[Round "5"]
[White "Bondarevskaja, Emilin"]
[Black "Liiv, Kristiina"]
[Result "1/2-1/2"]
[WhiteElo "1217"]
[BlackElo "1239"]
[PlyCount "63"]
[EventDate "2016.05.19"]
[EventType "swiss"]
[EventRounds "7"]
[EventCountry "EST"]
[SourceTitle "EXT 2018"]
[Source "ChessBase"]
[SourceDate "2017.10.13"]
[SourceVersion "1"]
[SourceVersionDate "2017.10.13"]
[SourceQuality "1"]

1. e4 c5 2. Nf3 d6 3. Bb5+ Bd7 4. Bxd7+ Qxd7 5. 0-0 Nf6 6. Re1 g6 7. d4 cxd4 8. Nxd4 Bg7 9. Nc3 0-0 10. h3 Nc6 11. Be3 a6 12. f4 Rac8 13. Qf3 Nxd4 14. Bxd4 b5 15. a3 Rc4 16. Rad1 Qb7 17. b3 Rc7 18. g4 a5 19. Qd3 b4 20. axb4 axb4 21. Nb5 Rc6 22. Na7 Ra6 23. Ra1 Rxa1 24. Rxa1 Qxe4 25. Qxe4 Nxe4 26. Bxg7 Kxg7 27. Nc6 e6 28. Nxb4 Rc8 29. Kg2 d5 30. Rd1 Nc3 31. Rd2 Nb1 32. Re2 1/2-1/2

[Event "EU Union-ch U12"]
[Site "Kouty nad Desnou"]
[Date "2015.08.26"]
[Round "8"]
[White "Bondarevskaja, Emilin"]
[Black "Nicoara, David Cristian"]
[Result "0-1"]
[WhiteElo "1137"]
[BlackElo "1490"]
[PlyCount "132"]
[EventDate "2015.08.19"]
[EventType "swiss"]
[EventRounds "9"]
[EventCountry "CZE"]
[SourceTitle "EXT 2016"]
[Source "ChessBase"]
[SourceDate "2015.10.08"]
[SourceVersion "1"]
[SourceVersionDate "2015.10.08"]
[SourceQuality "1"]

1. d4 c5 2. dxc5 e6 3. Nc3 Bxc5 4. Ne4 Qe7 5. Nxc5 Qxc5 6. Nf3 Nf6 7. Qd4 Qxd4 8. Nxd4 a6 9. Bf4 Nc6 10. Nxc6 dxc6 11. Be5 Ke7 12. Bxf6+ Kxf6 13. e4 e5 14. g3 Be6 15. Bd3 Ke7 16. f4 f6 17. Kf2 Rad8 18. Ke3 Rd7 19. c3 Rhd8 20. Rhd1 Bc4 21. Bc2 Rxd1 22. Bxd1 exf4+ 23. Kxf4 Rd2 24. b3 Be2 25. Bxe2 Rxe2 26. h4 Ke6 27. c4 Rb2 28. Kg4 Ke5 29. Kf3 Rc2 30. Kg4 Rd2 31. Kf3 Rd3+ 32. Kg4 Rd2 33. Kf3 h5 34. Ke3 Rc2 35. Rd1 Rc3+ 36. Rd3 Rxd3+ 37. Kxd3 c5 38. Ke3 a5 39. a4 g5 40. Kf3 gxh4 41. gxh4 f5 42. exf5 Kxf5 43. Kg3 Ke4 44. Kh3 Kf3 45. Kh2 Kg4 46. Kg2 Kxh4 47. Kh2 Kg4 48. Kg2 Kf4 49. Kh3 Ke4 50. Kh4 Kd4 51. Kxh5 Kc3 52. Kg5 Kxb3 53. Kf4 Kxa4 54. Ke3 Kb3 55. Kd3 a4 56. Kd2 Kb2 57. Kd3 a3 58. Ke4 Kb3 59. Kd5 Kb4 60. Kd6 a2 61. Kc7 a1Q 62. Kxb7 Qa5 63. Kc6 Qd8 64. Kb7 Qd6 65. Ka7 Qc6 66. Kb8 Qd7 0-1

[Event "EU Union-ch U12"]
[Site "Kouty nad Desnou"]
[Date "2015.08.25"]
[Round "7"]
[White "Bondarevskaja, Emilin"]
[Black "Taragelova, Martina"]
[Result "0-1"]
[WhiteElo "1137"]
[BlackElo "1544"]
[PlyCount "66"]
[EventDate "2015.08.19"]
[EventType "swiss"]
[EventRounds "9"]
[EventCountry "CZE"]
[SourceTitle "EXT 2016"]
[Source "ChessBase"]
[SourceDate "2015.10.08"]
[SourceVersion "1"]
[SourceVersionDate "2015.10.08"]
[SourceQuality "1"]

1. e4 e5 2. Nf3 Nc6 3. Bb5 a6 4. Ba4 Nf6 5. 0-0 Be7 6. Re1 b5 7. Bb3 d6 8. c3 0-0 9. d4 exd4 10. cxd4 Bg4 11. d5 Ne5 12. Nbd2 Nfd7 13. Nf1 Nc5 14. Ng3 Bf6 15. h3 Nxf3+ 16. gxf3 Bxh3 17. f4 Bh4 18. f5 g5 19. Kh2 g4 20. f3 Bxg3+ 21. Kxg3 h5 22. fxg4 Bxg4 23. Qd4 f6 24. Bd1 Bxd1 25. Qxd1 Rf7 26. Bh6 Qe8 27. Qxh5 Rg7+ 28. Kh4 Qxh5+ 29. Kxh5 Rh7 30. b4 Nd3 31. Rg1+ Kf7 32. a3 Rxh6+ 33. Kxh6 Rh8# 0-1

[Event "EU Union-ch U12"]
[Site "Kouty nad Desnou"]
[Date "2015.08.22"]
[Round "4"]
[White "Bitkova, Jelizaveta"]
[Black "Bondarevskaja, Emilin"]
[Result "1/2-1/2"]
[WhiteElo "1304"]
[BlackElo "1137"]
[PlyCount "67"]
[EventDate "2015.08.19"]
[EventType "swiss"]
[EventRounds "9"]
[EventCountry "CZE"]
[SourceTitle "EXT 2016"]
[Source "ChessBase"]
[SourceDate "2015.10.08"]
[SourceVersion "1"]
[SourceVersionDate "2015.10.08"]
[SourceQuality "1"]

1. d4 d5 2. c4 e6 3. Nc3 Nf6 4. Bg5 Be7 5. e3 0-0 6. Bd3 dxc4 7. Bxc4 Nc6 8. Nf3 h6 9. Bh4 Re8 10. 0-0 Nd5 11. Bxe7 Ncxe7 12. e4 Nxc3 13. bxc3 Ng6 14. Re1 c6 15. a4 a6 16. Qd2 b5 17. axb5 cxb5 18. Bxb5 Re7 19. c4 Bb7 20. Ba4 Rc7 21. Rac1 Bc6 22. Bb3 Nh4 23. Ne5 Qf6 24. Qe3 Rb8 25. Rc3 Ng6 26. Nxg6 Qxg6 27. f3 h5 28. d5 Bd7 29. c5 exd5 30. exd5 Re8 31. Qd2 Rxe1+ 32. Qxe1 h4 33. Kh1 Rc8 34. Qe4 1/2-1/2

[Event "EU Union-ch U12"]
[Site "Kouty nad Desnou"]
[Date "2015.08.21"]
[Round "3"]
[White "Steiniger, Florian"]
[Black "Bondarevskaja, Emilin"]
[Result "1-0"]
[WhiteElo "1510"]
[BlackElo "1137"]
[PlyCount "123"]
[EventDate "2015.08.19"]
[EventType "swiss"]
[EventRounds "9"]
[EventCountry "CZE"]
[SourceTitle "EXT 2016"]
[Source "ChessBase"]
[SourceDate "2015.10.08"]
[SourceVersion "1"]
[SourceVersionDate "2015.10.08"]
[SourceQuality "1"]

1. e4 d6 2. d4 Nf6 3. Nc3 g6 4. f4 Bg7 5. Nf3 0-0 6. Bd3 c6 7. 0-0 Re8 8. e5 dxe5 9. fxe5 Ng4 10. h3 Nh6 11. Be3 Nf5 12. Bxf5 Bxf5 13. Qd2 c5 14. dxc5 Qxd2 15. Bxd2 Bxc2 16. Nd5 Na6 17. Nb4 Nxb4 18. Bxb4 Be4 19. Bc3 Bxf3 20. Rxf3 Rac8 21. b4 a5 22. a3 axb4 23. axb4 Ra8 24. Rff1 Rxa1 25. Rxa1 f6 26. exf6 Bxf6 27. Bxf6 exf6 28. Ra7 Rb8 29. b5 Kf8 30. Kf2 Rc8 31. Rxb7 Rxc5 32. Ke3 Rd5 33. Ke4 Rd6 34. b6 Ke8 35. g4 Kd8 36. Rxh7 Rxb6 37. Rh6 Rb4+ 38. Kd5 Rb5+ 39. Ke6 Rb6+ 40. Kf7 Rb7+ 41. Kxf6 Rb6+ 42. Kg5 Rb5+ 43. Kxg6 Rb6+ 44. Kg5 Rxh6 45. Kxh6 Ke8 46. Kg7 Ke7 47. g5 Ke6 48. g6 Ke7 49. h4 Ke6 50. Kf8 Kf6 51. g7 Ke5 52. g8Q Kd4 53. Qe6 Kd3 54. Kf7 Kc3 55. Qe4 Kd2 56. Qf3 Ke1 57. Qg2 Kd1 58. Ke6 Kc1 59. Kd5 Kd1 60. Kd4 Kc1 61. Kc3 Kd1 62. Qd2# 1-0